[Event "Nelson Mandela"]
[Site "SchemingMind.com"]
[Date "2014.02.05"]
[Round "-"]
[White "Don71"]
[Black "Scooter"]
[Result "1-0"]
[WhiteCountry "NIR"]
[BlackCountry "USA"]
[WhiteElo "2256"]
[WhiteRD "98"]
[BlackElo "1731"]
[BlackRD "46"]
[GameID "347326"]

1. e4 c6 2. d4 d5 3. Nc3 dxe4 4. Nxe4 Bf5 5. Ng3 Bg6 6. h4 h6 7. Nf3 Nd7 8. h5 Bh7 9. Bd3 Bxd3 10. Qxd3 Qc7
11. Rh4 e6 12. Bf4 Bd6 13. Bxd6 Qxd6 14. Ne4 Qc7 15. Qa3 Ne7 16. Nd6+
1-0

[Event "Nelson Mandela"]
[Site "SchemingMind.com"]
[Date "2014.02.05"]
[Round "-"]
[White "mespina"]
[Black "lollipophugo"]
[Result "1-0"]
[WhiteCountry "ESP"]
[BlackCountry "AUS"]
[WhiteElo "2139"]
[WhiteRD "78"]
[BlackElo "1833"]
[BlackRD "103"]
[GameID "347345"]

1. e4 c5 2. Nf3 d6 3. d4 cxd4 4. Nxd4 Nf6 5. Nc3 a6 6. Be3 e5 7. Nb3 Be6 8. Qd2 Nbd7 9. f3 b5 10. a4 b4
11. Nd5 Bxd5 12. exd5 Nb6 13. Bxb6 Qxb6 14. a5 Qb7 15. Bc4 g6 16. Ra4 Rb8 17. Nc1
1-0

[Event "Nelson Mandela"]
[Site "SchemingMind.com"]
[Date "2014.02.05"]
[Round "-"]
[White "lollipophugo"]
[Black "mespina"]
[Result "0-1"]
[WhiteCountry "AUS"]
[BlackCountry "ESP"]
[WhiteElo "1833"]
[WhiteRD "103"]
[BlackElo "2139"]
[BlackRD "78"]
[GameID "347346"]

1. d4 g6 2. c4 Bg7 3. Nc3 Nf6 4. e4 d6 5. Nf3 O-O 6. Be2 e5 7. O-O Nc6 8. d5 Ne7 9. b4 Nh5 10. Re1 f5
11. Ng5 Nf6 12. f3 fxe4 13. Ncxe4 Nf5 14. f4 exf4 15. Bxf4 h6 16. Nxf6+ Qxf6 17. Ne4 Qxa1 18. Qxa1 Bxa1 19. Rxa1 Nd4
0-1

[Event "Nelson Mandela"]
[Site "SchemingMind.com"]
[Date "2014.02.15"]
[Round "-"]
[White "MazetaFighter"]
[Black "Olli Ylönen"]
[Result "1/2-1/2"]
[WhiteCountry "GRE"]
[BlackCountry "FIN"]
[WhiteElo "1982"]
[WhiteRD "73"]
[BlackElo "1839"]
[BlackRD "68"]
[GameID "347643"]

1. e4 e5 2. Nf3 Nf6 3. Nxe5 d6 4. Nf3 Nxe4 5. d4 d5 6. Bd3 Nc6 7. O-O Be7 8. c4 Nb4 9. Be2 O-O 10. Nc3 Bf5
11. a3 Nxc3 12. bxc3 Nc6 13. Re1 Re8 14. Bf4 dxc4 15. Bxc4 Bd6 16. Rxe8+ Qxe8 17. Bxd6 cxd6 18. Ng5 Bg6 19. Qd2 Qd7 20. Qf4 Rd8
21. Bb5 a6 22. Ba4 b5 23. Bb3 a5 24. Re1 b4 25. d5 Ne5 26. axb4 axb4 27. Qd4 bxc3=
1/2-1/2

[Event "Nelson Mandela"]
[Site "SchemingMind.com"]
[Date "2014.02.15"]
[Round "-"]
[White "Olli Ylönen"]
[Black "MazetaFighter"]
[Result "0-1"]
[WhiteCountry "FIN"]
[BlackCountry "GRE"]
[WhiteElo "1839"]
[WhiteRD "68"]
[BlackElo "1982"]
[BlackRD "73"]
[GameID "347644"]

1. e4 e5 2. Nf3 Nc6 3. d4 exd4 4. Nxd4 Nf6 5. Nxc6 bxc6 6. e5 Nd5 7. c4 Nb6 8. Bd3 d6 9. exd6 Bxd6 10. Be3 O-O
11. c5 Be5 12. cxb6 Bxb2 13. bxc7 Qf6 14. Qc2 Bxa1 15. Bxh7+ Kh8 16. Bd3 Be5 17. O-O Bxc7 18. Be4 Bd7 19. Rd1 Rfd8 20. g3 Rab8
21. Bxa7 Rb2 22. Qc3 Rxb1
0-1

[Event "Nelson Mandela"]
[Site "SchemingMind.com"]
[Date "2014.03.14"]
[Round "-"]
[White "harijs"]
[Black "Phillip Beckett"]
[Result "1-0"]
[WhiteCountry "LAT"]
[BlackCountry "ENG"]
[WhiteElo "2183"]
[WhiteRD "126"]
[BlackElo "1517"]
[BlackRD "50"]
[GameID "350414"]

1. e4 e5 2. Nf3 Nc6 3. Bc4 Nf6 4. Ng5 Bc5 5. Nxf7 Bxf2+ 6. Kf1 Qe7 7. Nxh8 Nxe4 8. Qh5+ g6 9. Nxg6 hxg6 10. Qxg6+ Kd8
11. d3 d6 12. Nc3 Nf6 13. Bg5 e4 14. Bxf6
1-0

[Event "Nelson Mandela"]
[Site "SchemingMind.com"]
[Date "2014.03.16"]
[Round "-"]
[White "Phillip Beckett"]
[Black "harijs"]
[Result "0-1"]
[WhiteCountry "ENG"]
[BlackCountry "LAT"]
[WhiteElo "1517"]
[WhiteRD "50"]
[BlackElo "2183"]
[BlackRD "126"]
[GameID "350415"]

1. e4 d5 2. exd5 Qxd5 3. Nc3 Qd8 4. Nf3 Bg4 5. Be2 c6 6. O-O e6 7. h3 Bxf3 8. Bxf3 Qb6 9. d3 Nf6 10. Na4 Qc7
11. Nc3 Nbd7 12. Bg5 h6 13. Bh4 Bd6 14. Ne4 Nxe4 15. Bxe4 g5 16. Bg3 Bxg3 17. fxg3 Qxg3 18. Rf3 Qd6 19. Rf1 f5 20. Bf3 O-O-O
21. Qe1 h5 22. Qa5 Qd4+ 23. Kh1 g4 24. Be2 gxh3 25. gxh3 Rhg8 26. c3 Qe3 27. Bf3 Rg3 28. Bg2 Rdg8 29. Rae1 Rxh3+ 30. Bxh3 Qxh3#
0-1

[Event "Nelson Mandela"]
[Site "SchemingMind.com"]
[Date "2014.03.25"]
[Round "-"]
[White "A330"]
[Black "emvarela"]
[Result "1-0"]
[WhiteCountry "ENG"]
[BlackCountry "ARG"]
[WhiteElo "2151"]
[WhiteRD "77"]
[BlackElo "1753"]
[BlackRD "48"]
[GameID "351674"]

1. f4 d5 2. Nf3 c5 3. e3 Nc6 4. Be2 e6 5. O-O Bd6 6. d3 Nf6 7. Nc3 O-O 8. e4 dxe4 9. dxe4 Ne8 10. e5 Bc7
11. Be3 Qxd1 12. Raxd1 Bb6 13. Na4 Nc7 14. Bf2 Nb4 15. a3 Nxc2 16. Rc1 Nd4 17. Nxd4 cxd4 18. Nxb6 axb6 19. Rxc7
1-0

[Event "Nelson Mandela"]
[Site "SchemingMind.com"]
[Date "2014.03.25"]
[Round "-"]
[White "emvarela"]
[Black "A330"]
[Result "0-1"]
[WhiteCountry "ARG"]
[BlackCountry "ENG"]
[WhiteElo "1753"]
[WhiteRD "48"]
[BlackElo "2151"]
[BlackRD "77"]
[GameID "351675"]

1. e4 c5 2. Nf3 d6 3. d4 cxd4 4. Nxd4 Nf6 5. Nc3 g6 6. Be3 Bg7 7. Bb5+ Bd7 8. Bxd7+ Nbxd7 9. O-O O-O 10. Qd2 Ne5
11. f4 Nc4 12. Qc1 Ng4
0-1

[Event "Nelson Mandela"]
[Site "SchemingMind.com"]
[Date "2014.03.27"]
[Round "-"]
[White "dadshane2000"]
[Black "clare1347"]
[Result "0-1"]
[WhiteCountry "USA"]
[BlackCountry "ENG"]
[WhiteElo "1961"]
[WhiteRD "85"]
[BlackElo "2111"]
[BlackRD "80"]
[GameID "351923"]

1. e4 c5 2. Nf3 d6 3. d4 cxd4 4. Nxd4 Nf6 5. f3 e5 6. Nb3 Be7 7. c4 a6 8. Be3 Be6 9. Nc3 O-O 10. Be2 Qc7
11. Nd5 Nxd5 12. cxd5 Bd7 13. Rc1 Qd8 14. O-O a5 15. Qd3 b5 16. f4 exf4 17. Bxf4 Na6 18. a3 a4 19. Nd4 Nc5 20. Qe3 Qb6
21. Nf3 Rae8 22. e5 Bd8 23. Kh1 dxe5 24. Qxc5 exf4 25. Rfe1 Qxc5 26. Rxc5 Ba5 27. Rcc1 Bxe1 28. Rxe1 Re3 29. h3 Rfe8 30. Nd4 R3e4
0-1

[Event "Nelson Mandela"]
[Site "SchemingMind.com"]
[Date "2014.03.27"]
[Round "-"]
[White "clare1347"]
[Black "dadshane2000"]
[Result "1-0"]
[WhiteCountry "ENG"]
[BlackCountry "USA"]
[WhiteElo "2111"]
[WhiteRD "80"]
[BlackElo "1961"]
[BlackRD "85"]
[GameID "351924"]

1. d4 Nf6 2. c4 g6 3. Nc3 d5 4. Bf4 Bg7 5. Nf3 O-O 6. Rc1 Be6 7. e3 dxc4 8. Ng5 Bd5 9. e4 h6 10. exd5 hxg5
11. Bxg5 Nxd5 12. Bxc4 Nb6 13. Bd3 Bxd4 14. O-O Re8 15. Qb3 Kg7 16. Be4 Nc6 17. Rfd1 Qd7 18. Nb5 Qg4 19. Bxc6 bxc6 20. Bh6+ Kxh6
21. Rxd4 Qg5 22. Rxc6 Qe5 23. Qc3 f6 24. Rc5 Qe6 25. Nxc7 Qxa2 26. Re4 Qf7 27. Ne6 g5 28. f4
1-0

[Event "Nelson Mandela"]
[Site "SchemingMind.com"]
[Date "2014.03.28"]
[Round "-"]
[White "Don71"]
[Black "harijs"]
[Result "1-0"]
[WhiteCountry "NIR"]
[BlackCountry "LAT"]
[WhiteElo "2257"]
[WhiteRD "97"]
[BlackElo "2155"]
[BlackRD "125"]
[GameID "352935"]

1. e4 e5 2. Nf3 Nc6 3. Bb5 a6 4. Bxc6 dxc6 5. O-O Bg4 6. h3 h5 7. d3 Qf6 8. Nbd2 g5 9. b3 Qg7 10. Nc4 f6
11. hxg4 hxg4 12. Nxg5 Qh6 13. Nh3 Qg6 14. Kh2 Bc5 15. Be3 Bb4 16. Rc1 O-O-O 17. c3 Ba3 18. Nxa3 Ne7 19. Nc4 Kb8 20. f4 Rdg8
21. fxe5 f5 22. Qe1 gxh3 23. g3 fxe4 24. Rf6 Qe8 25. dxe4 Ng6 26. Bd4 Nf8 27. Qf2 Rh5 28. Rf7 Ne6 29. Be3 c5 30. Rd1 Qc6
31. Rd5 Rhh8 32. Bxc5 Ka8 33. Be3 Kb8 34. Rd6 Qe8 35. Qf6 Rxg3 36. Rxe6 Rg2+ 37. Kh1 Qg8 38. Qxh8 Qxh8 39. Rfe7
1-0

[Event "Nelson Mandela"]
[Site "SchemingMind.com"]
[Date "2014.03.28"]
[Round "-"]
[White "harijs"]
[Black "Don71"]
[Result "0-1"]
[WhiteCountry "LAT"]
[BlackCountry "NIR"]
[WhiteElo "2196"]
[WhiteRD "115"]
[BlackElo "2397"]
[BlackRD "95"]
[GameID "352936"]

1. e4 e5 2. Nf3 Nc6 3. Bb5 Nf6 4. Qe2 Bd6 5. d3 a6 6. Bxc6 dxc6 7. h3 O-O 8. Bg5 h6 9. Bh4 a5 10. Nbd2 a4
11. O-O Re8 12. Nc4 a3 13. b3 b5 14. Ne3 Qe7 15. Rab1 Qe6 16. Bxf6 Qxf6 17. c3 c5 18. Kh1 c6 19. Rfd1 Bd7 20. Nf1 Bc7
21. Rbc1 Ra7 22. Qe3 Ra6 23. Kg1 Bb6 24. Qe2 Raa8 25. Rc2 Rad8 26. Rcc1 Qg6 27. Kh1 Qd6 28. Kg1 f5 29. Nh4 f4 30. Nh2 Be6
31. N4f3 Bf7 32. Ne1 Re6 33. f3 c4+ 34. Kh1 cxb3 35. axb3 Re7 36. Qa2 Ra7 37. Nc2 c5 38. c4 b4 39. Ng4 h5 40. Nh2 Bc7
41. Nf1 Ra6 42. Na1 Qe7 43. Qf2 Rg6 44. Nc2 Bd6 45. Ra1 Qc7 46. Qe1 Be7 47. Qf2 Rgd6 48. Ne1 g6 49. Ra2 Bf6 50. Kg1 Bg7
51. Rad2 Rd4 52. Nc2 R4d7 53. Kh1 Be6 54. Qh4 Ra8 55. Qf2 Ra6 56. Ra1 Rd8 57. Ra2 Qe7 58. Kg1 Bf7 59. Qe2 Qd6 60. Kh1 g5
61. Qf2 Qe7 62. Kg1 Qc7 63. Ne1 Bg6 64. Rdc2 Qe7 65. Rd2 Qd6 66. Nh2 Bf7 67. Kf1 Ra7 68. Ke2 Raa8 69. Nf1 Rd7 70. Kd1 Ra6
71. g3 Be6 72. Qg2 Qd4 73. Rdc2 Rd8 74. gxf4 gxf4 75. Rc1 Kf7 76. Qg5 Rh8 77. Qg2 Bf6 78. Qh2 Bh4 79. Rg2 Rg8 80. Rxg8 Kxg8
81. Qg2+ Kf7 82. Qa2 Bxh3 83. Qa1 Qxa1 84. Rxa1 Bxf1
0-1

[Event "Nelson Mandela"]
[Site "SchemingMind.com"]
[Date "2014.04.04"]
[Round "-"]
[White "reo"]
[Black "Mekk"]
[Result "1-0"]
[WhiteCountry "THA"]
[BlackCountry "POL"]
[WhiteElo "1838"]
[WhiteRD "84"]
[BlackElo "1764"]
[BlackRD "87"]
[GameID "354055"]

1. e4 e6 2. d4 d5 3. Nc3 Nf6 4. Bg5 Be7 5. e5 Nfd7 6. h4 a6 7. Bd3 c5 8. Bxe7 Qxe7 9. Nf3 b5 10. O-O O-O
11. Bxh7+ Kxh7 12. Ng5+ Kh6 13. Qd2 Kg6 14. Qd3+ f5 15. exf6+ Kxf6 16. Nxd5+ exd5 17. Rae1 c4 18. Nh7+ Kf7 19. Rxe7+ Kxe7 20. Re1+ Kd8
21. Qa3 Re8 22. Qa5+ Nb6 23. Qxb6+ Kd7 24. Nf8+ Rxf8 25. Qe6+ Kc7 26. Qe5+ Kb7 27. Qxd5+ Nc6 28. Re7+ Kb6 29. Qc5+ Ka5 30. Re3 Bb7
31. Ra3#
1-0

[Event "Nelson Mandela"]
[Site "SchemingMind.com"]
[Date "2014.04.04"]
[Round "-"]
[White "Mekk"]
[Black "reo"]
[Result "1-0"]
[WhiteCountry "POL"]
[BlackCountry "THA"]
[WhiteElo "1783"]
[WhiteRD "88"]
[BlackElo "1870"]
[BlackRD "88"]
[GameID "354056"]

1. c4 Nf6 2. g3 d5 3. Bg2 e6 4. Nf3 c5 5. O-O b6 6. Nc3 Bb7 7. Ne5 Be7 8. Qa4+ Kf8 9. d3 g6 10. Bh6+ Kg8
11. cxd5 Bf8 12. Bxf8 Qxf8 13. dxe6 Bxg2 14. exf7+ Qxf7 15. Nxf7
1-0

[Event "Nelson Mandela"]
[Site "SchemingMind.com"]
[Date "2014.05.21"]
[Round "-"]
[White "A330"]
[Black "MazetaFighter"]
[Result "1/2-1/2"]
[WhiteCountry "ENG"]
[BlackCountry "GRE"]
[WhiteElo "2193"]
[WhiteRD "76"]
[BlackElo "1987"]
[BlackRD "83"]
[GameID "358709"]

1. f4 d5 2. Nf3 g6 3. e3 Bg7 4. Be2 Nf6 5. O-O O-O 6. c4 c5 7. cxd5 Nxd5 8. a3 Nc6 9. Nc3 Nxc3 10. dxc3 Qxd1
11. Bxd1 Bf5 12. Be2 Rad8 13. Rd1 Rxd1+= 14. Bxd1 Rd8 15. Nd2 Na5 16. Be2 Bd3 17. Bxd3 Rxd3 18. Rb1 c4 19. Kf2 b5 20. Ke2 f5
21. a4 a6 22. axb5 axb5 23. e4 fxe4 24. Ra1 Nb3 25. Ra8+ Kf7 26. Nxb3 cxb3 27. Rb8 Rd5 28. g4 Bf6=
1/2-1/2

[Event "Nelson Mandela"]
[Site "SchemingMind.com"]
[Date "2014.05.21"]
[Round "-"]
[White "MazetaFighter"]
[Black "A330"]
[Result "1/2-1/2"]
[WhiteCountry "GRE"]
[BlackCountry "ENG"]
[WhiteElo "1987"]
[WhiteRD "83"]
[BlackElo "2193"]
[BlackRD "76"]
[GameID "358710"]

1. e4 c5 2. Nf3 d6 3. d4 cxd4 4. Nxd4 Nf6 5. Nc3 a6 6. h3 e6 7. g4 b5 8. Bg2 Bb7 9. O-O Qc7 10. Re1 Be7
11. a4 b4 12. Na2 Nfd7 13. Nxb4 O-O 14. Be3 Nc5 15. f3 h6 16. Qd2 Nbd7 17. Nd3 Ne5 18. Nxe5 dxe5 19. Ne2 Rac8 20. Nc3 Rfd8
21. Qf2 Nd7 22. Red1 Nf8 23. Rxd8= Rxd8 24. Bb6 Qc6 25. a5 Nd7 26. Be3 Nf8 27. Bf1 Ng6 28. Bb6 Rc8 29. Bd3 Nf4 30. Kh2 Qd6
31. Qf1=
1/2-1/2

[Event "Nelson Mandela"]
[Site "SchemingMind.com"]
[Date "2014.05.31"]
[Round "-"]
[White "mespina"]
[Black "Mekk"]
[Result "1-0"]
[WhiteCountry "ESP"]
[BlackCountry "POL"]
[WhiteElo "2194"]
[WhiteRD "83"]
[BlackElo "1775"]
[BlackRD "97"]
[GameID "358967"]

1. e4 e6 2. d4 d5 3. Nc3 Nf6 4. Bg5 Be7 5. e5 Nfd7 6. h4 Nc6 7. Nf3 Nb6 8. Qd2 Bd7 9. O-O-O f6 10. exf6 gxf6
11. Bf4 Nxd4 12. Qxd4 Bc6 13. Re1 Qd7 14. g3 e5 15. Nxe5 fxe5 16. Qxe5 Kf7 17. Bh3 Qd6 18. Be6+ Qxe6 19. Qxe6+
1-0

[Event "Nelson Mandela"]
[Site "SchemingMind.com"]
[Date "2014.05.31"]
[Round "-"]
[White "Mekk"]
[Black "mespina"]
[Result "0-1"]
[WhiteCountry "POL"]
[BlackCountry "ESP"]
[WhiteElo "1775"]
[WhiteRD "97"]
[BlackElo "2194"]
[BlackRD "83"]
[GameID "358968"]

1. c4 g6 2. g3 Bg7 3. Bg2 Nf6 4. Nf3 O-O 5. O-O d6 6. Nc3 e5 7. d3 Nc6 8. Rb1 a5 9. b3 Re8 10. Bb2 h6
11. Nd2 Bg4 12. h3 Bd7 13. Kh2 Be6 14. f4 exf4 15. Rxf4 Nh5 16. Rf2 Bd4 17. Bxc6 Bxf2 18. Bxe8 Bxg3+ 19. Kg2 Bxh3+ 20. Kg1 Bf2+
21. Kxf2 Qh4+ 22. Ke3 Qf4#
0-1

[Event "Nelson Mandela"]
[Site "SchemingMind.com"]
[Date "2014.06.19"]
[Round "-"]
[White "clare1347"]
[Black "kenneth m day"]
[Result "1-0"]
[WhiteCountry "ENG"]
[BlackCountry "USA"]
[WhiteElo "2192"]
[WhiteRD "84"]
[BlackElo "1708"]
[BlackRD "50"]
[GameID "360197"]

1. d4 Nf6 2. c4 c5 3. d5 e6 4. Nc3 exd5 5. cxd5 d6 6. Nf3 g6 7. Qa4+ Bd7 8. Qb3 b6 9. e4 Bg7 10. Bd3 O-O
11. O-O Qc8 12. Re1 Re8 13. h3 Bxh3 14. gxh3 Nbd7 15. Nb5 Bf8 16. Bf4 a6 17. Nxd6 Bxd6 18. Bxd6 Qb7 19. e5 Nh5 20. e6 Ndf6
21. Ng5 fxe6 22. dxe6 Kg7 23. e7
1-0

[Event "Nelson Mandela"]
[Site "SchemingMind.com"]
[Date "2014.06.19"]
[Round "-"]
[White "kenneth m day"]
[Black "clare1347"]
[Result "0-1"]
[WhiteCountry "USA"]
[BlackCountry "ENG"]
[WhiteElo "1708"]
[WhiteRD "50"]
[BlackElo "2192"]
[BlackRD "84"]
[GameID "360198"]

1. e4 c5 2. d4 cxd4 3. c3 dxc3 4. Nxc3 Nc6 5. Nf3 d6 6. Bc4 a6 7. Qe2 Nf6 8. O-O Bg4 9. h3 Bxf3 10. Qxf3 e6
11. Re1 Be7 12. Bf4 O-O 13. Rad1 Qa5 14. Bxd6 Bxd6 15. Rxd6 Ne5 16. Qe2 Qc5 17. Red1 Nxc4 18. R6d4 b5 19. g4 Rac8 20. b3 Ne5
21. Nb1 Qc2 22. Qxc2 Rxc2 23. f4 Nf3+
0-1

[Event "Nelson Mandela"]
[Site "SchemingMind.com"]
[Date "2014.09.18"]
[Round "-"]
[White "clare1347"]
[Black "Don71"]
[Result "1/2-1/2"]
[WhiteCountry "ENG"]
[BlackCountry "NIR"]
[WhiteElo "2196"]
[WhiteRD "78"]
[BlackElo "2325"]
[BlackRD "85"]
[GameID "364672"]

1. d4 Nf6 2. Bf4 c5 3. dxc5 Nc6 4. Nf3 e6 5. Bd6 Bxd6 6. cxd6 Qb6 7. b3 e5 8. c3 e4 9. Nd4 Qc5 10. Nc2 O-O
11. e3 Re8 12. Be2 Re6 13. b4 Qe5 14. Nd4 Rxd6 15. Nd2 Nxd4 16. cxd4 Qg5 17. O-O Rb6 18. Nc4 Re6 19. f4 exf3 20. Rxf3 b5
21. Rg3 Qh6 22. d5 Ra6 23. Nb2 Rd6 24. Bxb5 Rxd5 25. Bd3 Rh5 26. h3 Bb7 27. Nc4 Rg5 28. Qe1 Re8 29. Rc1 d5 30. Na5 Bc8
31. Bb5 Bd7 32. Bxd7 Nxd7 33. Rxg5 Qxg5 34. Qf2 Ne5 35. Rc7=
1/2-1/2

[Event "Nelson Mandela"]
[Site "SchemingMind.com"]
[Date "2014.09.17"]
[Round "-"]
[White "Don71"]
[Black "clare1347"]
[Result "1-0"]
[WhiteCountry "NIR"]
[BlackCountry "ENG"]
[WhiteElo "2325"]
[WhiteRD "85"]
[BlackElo "2196"]
[BlackRD "78"]
[GameID "364673"]

1. e4 e5 2. Nf3 Nc6 3. Bb5 a6 4. Bxc6 dxc6 5. O-O Bg4 6. h3 Bh5 7. g4 Bg6 8. Nxe5 Ne7 9. d3 h5 10. g5 f6
11. gxf6 gxf6 12. Nxg6 Nxg6 13. Nc3 Qd7 14. Kh2 O-O-O 15. Qe2 f5 16. Bg5 Re8 17. f4 Bg7 18. Rae1 Kb8 19. e5 Nf8 20. h4 Ne6
21. Nd1 Qf7 22. Ne3 Rhg8 23. c3 Ref8 24. d4
1-0

[Event "Nelson Mandela"]
[Site "SchemingMind.com"]
[Date "2014.09.29"]
[Round "-"]
[White "A330"]
[Black "mespina"]
[Result "1-0"]
[WhiteCountry "ENG"]
[BlackCountry "ESP"]
[WhiteElo "2263"]
[WhiteRD "93"]
[BlackElo "2178"]
[BlackRD "91"]
[GameID "364997"]

1. d4 Nf6 2. c4 g6 3. Nc3 Bg7 4. e4 d6 5. Nf3 O-O 6. Be2 e5 7. d5 a5 8. Bg5 h6 9. Bh4 Nbd7 10. Nd2 Nc5
11. O-O g5 12. Bg3 Nfxe4 13. Ncxe4 Nxe4 14. Nxe4 f5 15. Nd2 f4 16. Ne4 fxg3 17. hxg3 Bf5 18. Qc2 Qe8 19. Rad1 Qg6 20. Bd3 Rae8
21. c5 dxc5 22. Qe2 Bxe4 23. Bxe4 Qd6 24. g4 b6 25. f3 a4 26. Rf2 Ra8 27. g3 Ra5 28. Kg2 b5 29. Bf5 c4 30. a3 Ra6
31. Qe3 Rd8 32. Re2 Qf8 33. Be4 Rf6 34. Red2 Rb6 35. Bf5 Kh8 36. Re2 Rbd6 37. Rh1 c6 38. dxc6 Rxc6 39. Be4 Rcd6 40. Qxg5 Qf7
41. Qe3 Qd7 42. Bf5 Qf7 43. Qf2
1-0

[Event "Nelson Mandela"]
[Site "SchemingMind.com"]
[Date "2015.02.09"]
[Round "-"]
[White "A330"]
[Black "Don71"]
[Result "1-0"]
[WhiteCountry "ENG"]
[BlackCountry "NIR"]
[WhiteElo "2354"]
[WhiteRD "104"]
[BlackElo "2278"]
[BlackRD "84"]
[GameID "374439"]

1. d4 Nf6 2. c4 e6 3. Nf3 d5 4. Nc3 c5 5. cxd5 exd5 6. g3 Nc6 7. Bg2 cxd4 8. Nxd4 Bc5 9. Nb3 Be7 10. Nxd5 Nxd5
11. Qxd5 Qxd5 12. Bxd5 Nb4 13. Be4 f5 14. Bb1 O-O 15. O-O Rd8 16. Bd2 a5 17. Bc3 Nc6 18. Bd3 Be6 19. Nd2 a4 20. a3 g6
21. Nf3 Bb3 22. Rac1 Rac8 23. Rfe1 Bf8 24. Nd2 Be6 25. Bf6 Rd7 26. Nf3 Bh6 27. Bc4 Re8 28. e3 Bxc4 29. Rxc4 Re4 30. Rc2 Re6
31. Bc3 Bf8 32. Kg2 h6 33. Rec1 Be7 34. Nd4 Red6 35. h4 Nxd4 36. Bxd4 Kf7 37. Rc4 Ra6 38. Rc8 h5 39. R1c4 b5 40. Rc2 b4
41. axb4 Bxb4 42. R8c6 Rxc6 43. Rxc6 Be7 44. Ra6 Rb7 45. Rxa4 Bf6 46. Bxf6 Kxf6 47. b4 Ke6 48. Kf1 Rb6 49. Ke2 Kf6 50. Kd3 Ke6
51. Kc4 Rc6+ 52. Kb3 Rb6 53. Ra5
1-0

[Event "Nelson Mandela"]
[Site "SchemingMind.com"]
[Date "2015.02.09"]
[Round "-"]
[White "Don71"]
[Black "A330"]
[Result "0-1"]
[WhiteCountry "NIR"]
[BlackCountry "ENG"]
[WhiteElo "2278"]
[WhiteRD "84"]
[BlackElo "2354"]
[BlackRD "104"]
[GameID "374440"]

1. e4 c5 2. Nf3 d6 3. Bb5+ Nd7 4. d4 Nf6 5. Nc3 cxd4 6. Qxd4 e5 7. Qd3 Be7 8. Bxd7+ Nxd7 9. O-O O-O 10. Rd1 Nc5
11. Qe2 Bd7 12. Be3 Rc8 13. Rac1 Qe8 14. Bxc5 Rxc5 15. Nd5 f5 16. c4 Bd8 17. Nd2 f4 18. Qd3 b6 19. Nf3 Qe6 20. b3 Kh8
21. b4 Rc8 22. h3 Re8 23. b5 Qg6 24. Kh2 Qh5 25. Qa3 Be6 26. Rd3 Rc5 27. Qxa7 g5 28. Kg1 g4 29. hxg4 Bxg4 30. Ne1 Rg8
31. f3 Be6 32. Qb8 Bc7 33. Qb7 Bd8 34. Rd2 Qh4 35. Rdc2 Bxd5 36. exd5 Qh6 37. Nd3 Rc7 38. Qxb6 Rcg7 39. Qf2 Rg6 40. Ne1 Bh4
41. Qb6 Qg7 42. Kf1 Bxe1 43. Kxe1 Rg3 44. Qf2 e4 45. fxe4 Rf8 46. Rd1 f3 47. gxf3 Rg1+ 48. Ke2 Rg2 49. Kd3 Rxf2 50. Rxf2 Qa7
51. Rdd2 Qa3+ 52. Kd4 Rc8 53. Rc2 Ra8 54. Rfd2 Qxf3 55. Rc3 Qf6+
0-1